000 00320nam a2200133 i 4500
001 bg
100 1 _aLUBIENIECKI, Edmund
245 0 _aKonstrukcje metalowe.
_nCz. 1 /
_cEdmund Lubieniecki.
260 _aBydgoszcz,
_c1973.
040 _cBPK
041 _apol
942 _cKS
008 s pl f |000 0 pol
999 _c26004
_d26004
856 _uhttp://koha.tu.koszalin.pl/cgi-bin/koha/opac-detail.pl?biblionumber=26004
_yKatalog online BPK